| 000 | 00430nam a22001577a 4500 | ||
|---|---|---|---|
| 003 | OSt | ||
| 008 | 210915b ||||| |||| 00| 0 eng d | ||
| 020 | _a9789387973404 | ||
| 082 |
_a635 _bTYA/CR |
||
| 245 | _aCrop improvement nursery and rootstock management | ||
| 260 |
_aNew Delhi _bNew India Publishing Agency _c2019 |
||
| 300 | _a155p | ||
| 490 | _aHi- Tech Horticulture, Vol.1 | ||
| 700 |
_aTyagi, Sachin _95063 |
||
| 942 | _cBK | ||
| 999 |
_c17432 _d17432 |
||